[Event "Arab Clubs-chT 5th"]
[Site "Damascus"]
[Date "2003.07.23"]
[Round "9"]
[White "Yemelin, Vasily"]
[Black "Adnan, Habib Hana"]
[Result "1-0"]
[WhiteElo "2550"]
[BlackElo "2237"]
[PlyCount "58"]
[EventDate "2003.07.17"]
[EventType "team"]
[EventRounds "9"]
[EventCountry "SYR"]
[SourceTitle "CBM 095 Extra"]
[Source "ChessBase"]
[SourceDate "2003.09.04"]
[SourceVersion "1"]
[SourceVersionDate "2003.09.04"]
[SourceQuality "1"]

1. e4 c5 2. Nf3 b6 3. d4 Bb7 4. d5 Nf6 5. Bd3 c4 6. Bxc4 Nxe4 7. Qe2 Nd6 8. Bb3 e6 9. Bf4 Be7 10. Nc3 Ba6 11. Qe3 Nf5 12. Qd2 0-0 13. 0-0-0 Qc8 14. g4 Nh4 15. Nxh4 Bxh4 16. g5 f6 17. Bd6 Re8 18. gxf6 Bxf6 19. Ne4 Qd8 20. Rhg1 Kh8 21. f4 exd5 22. Nxf6 Qxf6 23. Be5 Rxe5 24. fxe5 Qe7 25. Qxd5 Nc6 26. Qxd7 Qxd7 27. Rxd7 Nxe5 28. Rdxg7 Ng6 29. Rc7 Be2 1-0

[Event "Arab Clubs-chT 5th"]
[Site "Damascus"]
[Date "2003.07.22"]
[Round "8"]
[White "Rimawi, BT."]
[Black "Adnan, Habib Hana"]
[Result "1/2-1/2"]
[WhiteElo "2225"]
[BlackElo "2237"]
[PlyCount "78"]
[EventDate "2003.07.17"]
[EventType "team"]
[EventRounds "9"]
[EventCountry "SYR"]
[SourceTitle "CBM 095 Extra"]
[Source "ChessBase"]
[SourceDate "2003.09.04"]
[SourceVersion "1"]
[SourceVersionDate "2003.09.04"]
[SourceQuality "1"]

1. e4 c5 2. Nf3 d6 3. d4 Nd7 4. d5 a6 5. a4 g6 6. Nc3 Bg7 7. Be2 Ngf6 8. 0-0 0-0 9. Bg5 h6 10. Bh4 g5 11. Bg3 Nh5 12. Nd2 Nxg3 13. hxg3 Ne5 14. f4 Ng6 15. e5 gxf4 16. gxf4 dxe5 17. f5 Nf4 18. Bc4 Bxf5 19. g3 Nh3+ 20. Kg2 Qd7 21. Nde4 Rac8 22. d6 e6 23. Qh5 Bxe4+ 24. Nxe4 Qc6 25. Kxh3 Qxe4 26. b3 Rce8 27. d7 Re7 28. Rxf7 Rexf7 29. Bxe6 Bf6 30. Rf1 Bd8 31. Bxf7+ Kg7 32. Bg6 Qe3 33. Rxf8 Kxf8 34. Be8 Ke7 35. Qh4+ Qg5 36. Qxg5+ hxg5 37. Kg4 Ke6 38. Kf3 b5 39. axb5 axb5 1/2-1/2

[Event "Arab Clubs-chT 5th"]
[Site "Damascus"]
[Date "2003.07.19"]
[Round "4"]
[White "Adnan, Habib Hana"]
[Black "Osman, Gadir Abdel"]
[Result "1/2-1/2"]
[WhiteElo "2237"]
[BlackElo "2179"]
[PlyCount "69"]
[EventDate "2003.07.17"]
[EventType "team"]
[EventRounds "9"]
[EventCountry "SYR"]
[SourceTitle "CBM 095 Extra"]
[Source "ChessBase"]
[SourceDate "2003.09.04"]
[SourceVersion "1"]
[SourceVersionDate "2003.09.04"]
[SourceQuality "1"]

1. Nf3 Nf6 2. c4 g6 3. b3 Bg7 4. Bb2 0-0 5. g3 d6 6. Bg2 e5 7. 0-0 Nc6 8. d3 Bg4 9. h3 Bd7 10. Nc3 Qc8 11. Kh2 Ne7 12. Rb1 h6 13. Qd2 a5 14. a3 g5 15. Ng1 Ng6 16. e4 Qe8 17. Nce2 c5 18. f4 gxf4 19. gxf4 Kh7 20. f5 Ne7 21. Ng3 Nc6 22. N1e2 Qe7 23. Bf3 Rg8 24. Rg1 Rab8 25. Bc1 Bf8 26. Nh5 Rxg1 27. Nxg1 b5 28. Rb2 Nd4 29. Nxf6+ Qxf6 30. Qxa5 bxc4 31. bxc4 Rxb2+ 32. Bxb2 Qh4 33. Bxd4 exd4 34. Bg2 Qf4+ 35. Kh1 1/2-1/2